[Event "Avoine op 30th"]
[Site "Avoine"]
[Date "2015.07.21"]
[Round "4"]
[White "Kasparova, Tatiana"]
[Black "Brard, Laurent"]
[Result "1-0"]
[WhiteElo "2141"]
[BlackElo "1877"]
[PlyCount "73"]
[EventDate "2015.07.18"]
[EventType "swiss"]
[EventRounds "9"]
[EventCountry "FRA"]
[SourceTitle "EXT 2016"]
[Source "ChessBase"]
[SourceDate "2015.10.08"]
[SourceVersion "1"]
[SourceVersionDate "2015.10.08"]
[SourceQuality "1"]

1. e4 c5 2. Nf3 d6 3. d4 cxd4 4. Nxd4 Nf6 5. f3 Nc6 6. c4 Qb6 7. Nc2 e6 8. Nc3 Be7 9. Rb1 0-0 10. Be3 Qc7 11. Be2 Rd8 12. Qd2 b6 13. 0-0 Bb7 14. Rfd1 Ne5 15. Nb5 Qc8 16. Rbc1 a6 17. Nba3 Qc7 18. Nd4 Rac8 19. b4 Qb8 20. Qb2 d5 21. exd5 exd5 22. Nf5 Bf8 23. Bxb6 Nxc4 24. Nxc4 dxc4 25. Bxd8 Rxd8 26. Nh6+ gxh6 27. Qxf6 Rxd1+ 28. Rxd1 Qc7 29. Rd4 Bxb4 30. Rg4+ Kf8 31. Qxh6+ Ke7 32. Rxc4 Bc5+ 33. Kf1 Qe5 34. Qh4+ Ke8 35. Qf4 Qxf4 36. Rxf4 Be3 37. Ra4 1-0

[Event "Nantes op 12th"]
[Site "Nantes "]
[Date "2013.12.30"]
[Round "7"]
[White "Giraud, Thierry"]
[Black "Brard, Laurent"]
[Result "1/2-1/2"]
[WhiteElo "1853"]
[BlackElo "1890"]
[PlyCount "24"]
[EventDate "2013.12.27"]
[EventType "swiss"]
[EventRounds "7"]
[EventCountry "FRA"]
[SourceTitle "CBM 158 Extra"]
[Source "ChessBase"]
[SourceDate "2014.02.28"]
[SourceVersion "1"]
[SourceVersionDate "2014.02.28"]
[SourceQuality "1"]

1. d4 d5 2. Bf4 Nf6 3. e3 c5 4. Nf3 Nc6 5. Be2 Bg4 6. 0-0 e6 7. h3 Bxf3 8. Bxf3 cxd4 9. exd4 Qb6 10. c3 Qxb2 11. Qb3 Qxb3 12. axb3 Nd7 1/2-1/2

[Event "Cholet-F"]
[Site "Cholet"]
[Date "2012.02.23"]
[Round "6"]
[White "Secher, Pierre"]
[Black "Brard, Laurent"]
[Result "0-1"]
[WhiteElo "1681"]
[BlackElo "1891"]
[PlyCount "82"]
[EventDate "2012.02.18"]
[EventType "tourn"]
[EventRounds "7"]
[EventCountry "FRA"]
[SourceTitle "EXT 2013"]
[Source "ChessBase"]
[SourceDate "2012.11.22"]
[SourceVersion "1"]
[SourceVersionDate "2012.11.22"]
[SourceQuality "1"]

1. e4 c5 2. Nf3 d6 3. d4 cxd4 4. Nxd4 Nf6 5. Nc3 g6 6. Be3 Bg7 7. Bc4 0-0 8. Bb3 Ng4 9. Bg5 h6 10. Bh4 Nc6 11. Nxc6 bxc6 12. h3 Nf6 13. Qd3 Qa5 14. 0-0-0 g5 15. Bg3 Be6 16. Bxe6 fxe6 17. Qc4 Nh5 18. Qxe6+ Rf7 19. Rd3 Nxg3 20. Rxg3 Qe5 21. Qc4 Raf8 22. h4 e6 23. Rf3 Rxf3 24. gxf3 Rxf3 25. Nd1 gxh4 26. Qe2 Rf4 27. f3 d5 28. Nc3 Qf6 29. Nd1 Rxf3 30. exd5 cxd5 31. c3 Qf4+ 32. Kb1 Qf5+ 33. Ka1 h3 34. Ne3 Qe4 35. a3 Rxe3 36. Qd1 h2 37. Qd2 Re2 38. Qd1 Qc2 39. Qxc2 Rxc2 40. Kb1 Rg2 41. Ka2 Be5 0-1